Деловой немецкий язык: рынок, предпринимательство, торговля (Запись № 11587287)

Подробности
000 -МАРКЕР
контрольное поле 02212nam0a2200397 4500
001 - ИДЕНТИФИКАТОР ЗАПИСИ
контрольное поле RU\NLR\BIBL_A\011743000
005 - ИДЕНТИФИКАТОР ВЕРСИИ
контрольное поле 20201013153353.0
010 ## - МЕЖДУНАРОДНЫЙ СТАНДАРТНЫЙ НОМЕР КНИГИ (ISBN)
Номер (ISBN) 978-5-00091-534-9
021 ## - НОМЕР ГОСУДАРСТВЕННОЙ РЕГИСТРАЦИИ
Код страны Российская Федерация
Номер КН-П-18-039548
Номер Листа государственной регистраци КН-П-18-2851
035 ## - ДРУГИЕ СИСТЕМНЫЕ НОМЕРА
Идентификатор записи (NLR Aleph) 011743000
035 ## - ДРУГИЕ СИСТЕМНЫЕ НОМЕРА
Идентификатор записи (RuMoRGB)009647266
100 ## - ДАННЫЕ ОБЩЕЙ ОБРАБОТКИ
Данные общей обработки 20180704d2018 u y0rusy50 ca
101 0# - ЯЗЫК РЕСУРСА
Язык текста, звукозаписи и т.д. русский
-- немецкий
102 ## - СТРАНА ПУБЛИКАЦИИ ИЛИ ПРОИЗВОДСТВА
Страна публикации Российская Федерация
105 ## - ПОЛЕ КОДИРОВАННЫХ ДАННЫХ: ТЕКСТОВЫЕ МАТЕРИАЛЫ, МОНОГРАФИЧЕСКИЕ
Кодированные данные о монографическом текстовом документе |||j|||001zy
200 1# - ЗАГЛАВИЕ И СВЕДЕНИЯ ОБ ОТВЕТСТВЕННОСТИ
Основное заглавие Деловой немецкий язык: рынок, предпринимательство, торговля
Параллельное заглавие Wirtschaftsdeutsch: markt, unternehmerschaft, handel
Сведения, относящиеся к заглавию учебник
Первые сведения об ответственности Н.Г. Чернышева, Н.И. Лыгина, Р.С. Музалевская
Язык параллельного заглавия немецкий
205 ## - СВЕДЕНИЯ ОБ ИЗДАНИИ
Сведения об издании 2-е изд., испр. и доп.
210 ## - ПУБЛИКАЦИЯ, РАСПРОСТРАНЕНИЕ И ДР.
Место издания, распространения и т.д. Москва
Имя издателя, распространителя и т. д. ФОРУМ
-- ИНФРА-М
Дата издания, распространения и т.д. 2018
215 ## - ФИЗИЧЕСКАЯ ХАРАКТЕРИСТИКА
Специфическое обозначение материала и объем 358 с.
Другие сведения о физической характеристике ил.
Размеры 25
225 1# - СЕРИЯ
Основное заглавие серии Среднее профессиональное образование
320 ## - ПРИМЕЧАНИЯ О НАЛИЧИИ В ДОКУМЕНТЕ БИБЛИОГРАФИИ / УКАЗАТЕЛЯ
Текст примечания Библиогр.: с. 348-350 (85 назв.)
320 ## - ПРИМЕЧАНИЯ О НАЛИЧИИ В ДОКУМЕНТЕ БИБЛИОГРАФИИ / УКАЗАТЕЛЯ
Текст примечания Указ. тем: с. 351-353
510 1# - ПАРАЛЛЕЛЬНОЕ ЗАГЛАВИЕ
Связь между полями z92790
Параллельное заглавие Wirtschaftsdeutsch: markt, unternehmerschaft, handel
Язык заглавия немецкий
606 1# - НАИМЕНОВАНИЕ ТЕМЫ КАК ПРЕДМЕТ
Наименование темы Немецкий язык
Тематический подзаголовок Учебные издания для экономистов
Системный номер авторитетной/нормативной записи 2396216
Идентификатор авторитетной/нормативной записи RU\NLR\AUTH\661428661
606 1# - НАИМЕНОВАНИЕ ТЕМЫ КАК ПРЕДМЕТ
Наименование темы Немецкий язык
Формальный подзаголовок Учебные издания для среднего профессионального образования
Системный номер авторитетной/нормативной записи 1063964
Идентификатор авторитетной/нормативной записи RU\NLR\AUTH\66413315
686 1# - ИНДЕКСЫ ДРУГИХ КЛАССИФИКАЦИЙ
Индекс Ш143.24-93рус227
700 #1 - ИМЯ ЛИЦА - ПЕРВИЧНАЯ ОТВЕТСТВЕННОСТЬ
Графика поля Кириллица
Материалы, к которым относится поле rus
Начальный элемент ввода Чернышева
Часть имени, кроме начального элемента ввода Н. Г.
Дополнения к именам, кроме дат канд. филол. наук
Расширение инициалов личного имени Нина Генриховна
Системный номер авторитетной/нормативной записи 47607
Идентификатор авторитетной/нормативной записи RU\NLR\AUTH\7764678
701 #1 - ИМЯ ЛИЦА - АЛЬТЕРНАТИВНАЯ ОТВЕТСТВЕННОСТЬ
Графика поля Кириллица
Материалы, к которым относится поле rus
Начальный элемент ввода Лыгина
Часть имени, кроме начального элемента ввода Н. И.
Дополнения к именам, кроме дат д-р экон. наук
Даты 1950-
Расширение инициалов личного имени Нина Ивановна
Системный номер авторитетной/нормативной записи 32105
Идентификатор авторитетной/нормативной записи RU\NLR\AUTH\7749170
701 #1 - ИМЯ ЛИЦА - АЛЬТЕРНАТИВНАЯ ОТВЕТСТВЕННОСТЬ
Графика поля Кириллица
Материалы, к которым относится поле rus
Начальный элемент ввода Музалевская
Часть имени, кроме начального элемента ввода Р. С.
Расширение инициалов личного имени Раиса Семеновна
Системный номер авторитетной/нормативной записи 48675
Идентификатор авторитетной/нормативной записи RU\NLR\AUTH\7765746
790 #1 - ИМЯ ЛИЦА - АЛЬТЕРНАТИВНАЯ ФОРМА
Связь между полями z92510
Графика поля Латинская
Материалы, к которым относится поле rus
Начальный элемент ввода Černyševa
Часть имени, кроме начального элемента ввода N. G.
Дополнения к именам, кроме дат канд. филол. наук
Расширение инициалов личного имени Nina Genrichovna
Системный номер авторитетной/нормативной записи 47608
Идентификатор авторитетной/нормативной записи RU\NLR\AUTH\7764679
942 ## - ДОПОЛНИТЕЛЬНЫЕ ЭЛЕМЕНТЫ ЗАПИСИ (АБИС)
Тип экземпляра АБИС Книга
980 ## - КОЛЛЕКЦИЯ
Название коллекции НБР
980 ## - КОЛЛЕКЦИЯ
Название коллекции Национальная библиография

Нет доступных экземпляров.